Agricultural research policy and development /

Bibliographic Details
Main Author: Ruttan, Vernon W.
Format: Book
Language:English
Published: Rome : Food and Agriculture Organization of the United Nations, 1987.
Series:FAO research and technology paper ; 2.
Subjects:

MARC

Tag First Indicator Second Indicator Subfields
LEADER 00000cam a2200000 a 4500
001 in00000018241
005 20151007053205.0
008 871214s1987 it a b i00010 eng d
020 |a 9251025800 
035 |a (OCoLC)17236858 
035 |9 AAB0728AM 
040 |a DJB  |c DJB  |d TXA  |d UtOrBLW 
049 |a TXAM  |c [A11050811] 
050 4 |a S540.A2  |b R873 1987 
100 1 |a Ruttan, Vernon W. 
245 1 0 |a Agricultural research policy and development /  |c Vernon W. Ruttan. 
264 1 |a Rome :  |b Food and Agriculture Organization of the United Nations,  |c 1987. 
300 |a 249 pages :  |b illustrations ;  |c 21 cm. 
336 |a text  |b txt  |2 rdacontent 
337 |a unmediated  |b n  |2 rdamedia 
338 |a volume  |b nc  |2 rdacarrier 
490 1 |a FAO research and technology paper ;  |v 2 
504 |a Includes bibliographical references. 
650 0 |a Agriculture  |x Research. 
650 0 |a Agriculture and state. 
650 0 |a Agriculture  |x Technology transfer. 
830 0 |a FAO research and technology paper ;  |v 2. 
999 |a MARS 
999 f f |s e284d582-195d-3e10-bb12-ea1262a84f75  |i b7657b84-b543-3378-a72d-79f7378bc71a  |t 0 
952 f f |p ric  |a Texas A&M University  |b Rellis Campus  |c Joint Library Facility  |d Remote Storage  |t 0  |e S540.A2 R873 1987  |h Library of Congress classification  |i unmediated -- volume  |m A14811050811 
998 f f |a S540.A2 R873 1987  |t 0  |l Remote Storage